书目信息 |
| 题名: |
钢结构工程质量通病防治便携手册
|
|
| 作者: | 孙雅新 主编 | |
| 分册: | ||
| 出版信息: | 北京 中国计划出版社 2008.01 |
|
| 页数: | 316页 | |
| 开本: | 26cm | |
| 丛书名: | 钢结构工程便携系列手册 | |
| 单 册: | ||
| 中图分类: | TU758.11-62 | |
| 科图分类: | ||
| 主题词: | 钢结构--gang jie gou--工程质量--质量控制--手册 | |
| 电子资源: | ||
| ISBN: | 978-7-80242-009-0 | |
| 000 | 01057nam 2200277 450 | |
| 001 | 012009988280 | |
| 005 | 20090505105556.78 | |
| 010 | @a978-7-80242-009-0@dCNY40.00 | |
| 100 | @a20090505d2008 em y0chi0120 ea | |
| 101 | 0 | @achi |
| 102 | @aCN@b110000 | |
| 105 | @aak a 000yy | |
| 106 | @ar | |
| 200 | 1 | @a钢结构工程质量通病防治便携手册@Agang jie gou gong cheng zhi liang tong bing fang zhi bian xie shou ce@f本书编委会编@Fben shu bian wei hui bian |
| 210 | @a北京@c中国计划出版社@d2008.01 | |
| 215 | @a316页@c图@d26cm | |
| 225 | 2 | @a钢结构工程便携系列手册@Agang jie gou gong cheng bian xie xi lie shou ce |
| 314 | @a书中题 : 孙雅新主编 | |
| 320 | @a有书目 | |
| 330 | @a本书主要内容包括原材料、成品进场,钢结构焊接工程,钢结构紧固件连接,钢零件及钢部件加工,钢结构组装,钢结构焊接工程等。 | |
| 410 | 0 | @12001 @a钢结构工程便携系列手册 |
| 606 | 0 | @a钢结构@Agang jie gou@x工程质量@x质量控制@j手册 |
| 690 | @aTU758.11-62@v4 | |
| 701 | 0 | @a孙雅新@Asun ya xin@4主编 |
| 801 | 0 | @aCN@bQSSK@c20090505 |
| 905 | @b740596-98@dTU758.11-62@eS977@f3 | |
| 钢结构工程质量通病防治便携手册/本书编委会编.-北京:中国计划出版社,2008.01 |
| 316页:图;26cm.-(钢结构工程便携系列手册) |
| ISBN 978-7-80242-009-0:CNY40.00 |
| 本书主要内容包括原材料、成品进场,钢结构焊接工程,钢结构紧固件连接,钢零件及钢部件加工,钢结构组装,钢结构焊接工程等。 |
| ● |
| 相关链接 |
|
|
|
正题名:钢结构工程质量通病防治便携手册
索取号:TU758.11-62/S977
 
预约/预借
| 序号 | 登录号 | 条形码 | 馆藏地/架位号 | 状态 | 备注 |
| 1 | 740596 | 207405967 | 建筑库201/201建筑库 74排1列5层/ [索取号:TU758.11-62/S977] | 在馆 | |
| 2 | 740597 | 207405976 | 建筑库201/201建筑库 74排1列5层/ [索取号:TU758.11-62/S977] | 在馆 | |
| 3 | 740598 | 207405985 | 建筑库201/201建筑库 74排1列5层/ [索取号:TU758.11-62/S977] | 在馆 |